000 00693cam a2200217 4500500
005 20260405001901.0
041 _afre
042 _adc
100 1 0 _aPerragin, Charles
_eauthor
245 0 0 _aAlaya Allani: “Séparer le religieux du politique sans exclure l’identité arabo-musulmane”
260 _c2014.
500 _a98
690 _aAlaya Allani
690 _aDémocratie
690 _aIslam
690 _aPrintemps arabe
690 _aRéformisme
690 _aTunisie
786 0 _nPhilosophie magazine | 85 | 12-1 | 2014-12-01 | p. 8-8 | 1951-1787
856 4 1 _uhttps://shs.cairn.info/magazine-philosophie-magazine-2014-12-1-page-8?lang=fr&redirect-ssocas=7080
999 _c2051995
_d2051995